01003nam a22002297a 450000500170000000800410001702000180005805000240007610000250010024501500012525000110027526000440028626000580033026000360038830000290042449000280045350400330048165000490051465000880056365000510065165100710070220180607113650.0180607b mx ||||| |||| 00| 0 spa d a978607401708304aHT395.M62bQ56 20141 aKen, Crucita Aurora.10aDesarrollo regional y gestión pública en Quintana Roo 1970 a 2010 b: estudio de caso municipio de Othón P. Blanco c/ Crucita Aurora Ken. a1a ed. aMéxico :bUniversidad de Quintana Roo bH. Ayuntamiento Othón P. Blanco, Municipio Capital  bMiguel Ángel Porrúa,c2014. a232 p. : bil. ;c23 cm.0 aPolíticas públicas. aBibliografía : p. 221-232. 72lembaPlanificación regionalzQuintana Roo 72lembaDesarrollo económicoxPolítica gubernamentalzMéxicozOthón P. Blanco 4aPlanificación socialzMéxicozQuintana Roo 4aOthón P. Blanco (Quintana Roo, México)xDesarrollo económico